[Event "Omsk op"]
[Site "Omsk"]
[Date "2013.09.14"]
[Round "5"]
[White "Bereziy, Petr"]
[Black "Lunga, Oleg"]
[Result "0-1"]
[WhiteElo "1762"]
[BlackElo "1750"]
[PlyCount "69"]
[EventDate "2013.09.10"]
[EventType "swiss"]
[EventRounds "9"]
[EventCountry "RUS"]
[SourceTitle "CBM 156 Extra"]
[Source "ChessBase"]
[SourceDate "2013.10.22"]
[SourceVersion "1"]
[SourceVersionDate "2013.10.22"]
[SourceQuality "1"]

1. e4 c5 2. Nc3 Nc6 3. Nf3 e5 4. d3 h6 5. g3 Nf6 6. Bg2 d6 7. 0-0 Be6 8. Nh4 Be7 9. Nd5 0-0 10. Nxe7+ Nxe7 11. f4 Bg4 12. Qe1 Nh7 13. f5 f6 14. h3 Bh5 15. Be3 Bf7 16. Qd2 Qe8 17. Nf3 Kh8 18. h4 Ng8 19. g4 Qd8 20. g5 hxg5 21. hxg5 Nxg5 22. Nxg5 fxg5 23. Bxg5 Nf6 24. Bf3 Kg8 25. Qg2 Qe7 26. Rf2 Rfc8 27. Qg3 Kf8 28. Rg2 Be8 29. Qh4 Qf7 30. Bxf6 Qxf6 31. Qh8+ Ke7 32. Rxg7+ Bf7 33. Rxf7+ Qxf7 34. Qh4+ Kd7 35. Kf2 0-1

[Event "Omsk-ch"]
[Site "Omsk"]
[Date "2013.02.11"]
[Round "3"]
[White "Bereziy, Petr"]
[Black "Kislov, Leonid"]
[Result "1-0"]
[WhiteElo "1772"]
[BlackElo "1857"]
[PlyCount "33"]
[EventDate "2013.02.09"]
[EventType "swiss"]
[EventRounds "9"]
[EventCountry "RUS"]
[SourceTitle "CBM 153 Extra"]
[Source "ChessBase"]
[SourceDate "2013.04.22"]
[SourceVersion "1"]
[SourceVersionDate "2013.04.22"]
[SourceQuality "1"]

1. e4 e5 2. Nf3 d6 3. d4 exd4 4. Qxd4 Nc6 5. Bb5 Bd7 6. Bxc6 bxc6 7. Nc3 h6 8. Bf4 Nf6 9. 0-0-0 Be7 10. Rhe1 0-0 11. e5 Nh5 12. exd6 Bxd6 13. Bxd6 cxd6 14. Qxd6 Be6 15. Rxe6 fxe6 16. Qxe6+ Kh8 17. Rxd8 1-0

[Event "Omsk-ch"]
[Site "Omsk"]
[Date "2013.02.10"]
[Round "2"]
[White "Strizhachenko, Yuri"]
[Black "Bereziy, Petr"]
[Result "1-0"]
[WhiteElo "2143"]
[BlackElo "1772"]
[PlyCount "27"]
[EventDate "2013.02.09"]
[EventType "swiss"]
[EventRounds "9"]
[EventCountry "RUS"]
[SourceTitle "CBM 153 Extra"]
[Source "ChessBase"]
[SourceDate "2013.04.22"]
[SourceVersion "1"]
[SourceVersionDate "2013.04.22"]
[SourceQuality "1"]

1. c4 g6 2. e4 Bg7 3. Nc3 d6 4. d4 Nd7 5. Be3 c6 6. Qd2 e5 7. Nf3 Ngf6 8. h3 exd4 9. Nxd4 Nc5 10. f3 a6 11. Be2 Nh5 12. Bf2 f5 13. Nb3 Nxb3 14. axb3 1-0

[Event "Omsk-ch"]
[Site "Omsk"]
[Date "2012.03.23"]
[Round "7"]
[White "Vasiljev, Artem"]
[Black "Bereziy, Petr"]
[Result "0-1"]
[WhiteElo "1776"]
[BlackElo "1767"]
[PlyCount "28"]
[EventDate "2012.03.15"]
[EventType "swiss"]
[EventRounds "9"]
[EventCountry "RUS"]
[SourceTitle "EXT 2013"]
[Source "ChessBase"]
[SourceDate "2012.11.22"]
[SourceVersion "1"]
[SourceVersionDate "2012.11.22"]
[SourceQuality "1"]

1. d4 g6 2. e4 Bg7 3. c4 d6 4. f4 Nc6 5. Be3 Nf6 6. Nc3 Ng4 7. d5 Nxe3 8. Qd2 Nd4 9. Bd3 Ng4 10. h3 Nh6 11. g4 f6 12. 0-0-0 0-0 13. f5 Nf7 14. Qe3 Bh6 0-1

[Event "Omsk op"]
[Site "Omsk"]
[Date "2012.02.10"]
[Round "8"]
[White "Tipikin, Ivan"]
[Black "Bereziy, Petr"]
[Result "1-0"]
[WhiteElo "1910"]
[BlackElo "1767"]
[PlyCount "112"]
[EventDate "2012.01.29"]
[EventType "swiss"]
[EventRounds "9"]
[EventCountry "RUS"]
[SourceTitle "EXT 2022"]
[Source "ChessBase"]
[SourceDate "2021.10.06"]
[SourceVersion "1"]
[SourceVersionDate "2021.10.06"]
[SourceQuality "1"]

1. e4 e5 2. Nf3 Nf6 3. d4 exd4 4. e5 Bb4+ 5. Bd2 Qe7 6. Be2 Ne4 7. a3 Nxd2 8. Nbxd2 Bxd2+ 9. Qxd2 c5 10. 0-0 Nc6 11. Rfe1 0-0 12. Bb5 d6 13. Bxc6 bxc6 14. exd6 Qxd6 15. Ne5 Be6 16. Qa5 Rfb8 17. b3 Rb5 18. Qa6 Rb6 19. Qd3 Qd8 20. a4 a5 21. Qg3 Qf6 22. Nd3 c4 23. bxc4 Bxc4 24. Qc7 Qd8 25. Re7 Qxc7 26. Rxc7 Rab8 27. f3 Bxd3 28. cxd3 g6 29. Rc1 Rb1 30. R7xc6 Rxc1+ 31. Rxc1 Rb3 32. Rc5 Rxd3 33. Rxa5 Rd2 34. Kf1 Kg7 35. Rd5 d3 36. h4 Kf6 37. Ke1 Rxg2 38. Rxd3 Ra2 39. Rd4 Ke5 40. Rb4 f5 41. Kd1 Kd5 42. Kc1 Ra3 43. Rf4 Rc3+ 44. Kb2 Rc4 45. Rxc4 Kxc4 46. Kc2 Kb4 47. Kd3 Kxa4 48. Ke3 Kb3 49. Kf4 Kc4 50. Kg5 Kd4 51. Kh6 Ke5 52. Kxh7 Kf6 53. f4 Kf7 54. Kh6 Kf6 55. h5 gxh5 56. Kxh5 Kg7 1-0

[Event "Omsk-ch"]
[Site "Omsk"]
[Date "2011.11.15"]
[Round "2"]
[White "Bereziy, Petr"]
[Black "Riabinina, Margarita"]
[Result "1/2-1/2"]
[WhiteElo "1746"]
[BlackElo "1734"]
[PlyCount "111"]
[EventDate "2011.11.13"]
[EventType "swiss"]
[EventRounds "9"]
[EventCountry "RUS"]
[SourceTitle "EXT 2013"]
[Source "ChessBase"]
[SourceDate "2012.11.22"]
[SourceVersion "1"]
[SourceVersionDate "2012.11.22"]
[SourceQuality "1"]

1. Nf3 d5 2. g3 g6 3. Bg2 Nf6 4. d3 Bg7 5. Nbd2 Nbd7 6. 0-0 e5 7. e4 d4 8. Nc4 Qe7 9. c3 c5 10. Qa4 0-0 11. cxd4 cxd4 12. b4 Re8 13. Qb3 b5 14. Na5 Nb8 15. Bg5 Be6 16. Qb2 Qd6 17. Nb7 Qb6 18. Nc5 Bg4 19. Nxe5 Rxe5 20. f4 Re8 21. Bxf6 Bxf6 22. e5 Nc6 23. exf6 Re2 24. Qb3 Rae8 25. Rac1 a5 26. Bd5 Nd8 27. Ne4 a4 28. Qb1 Bh3 29. Rf2 Re3 30. Rfc2 R3xe4 31. dxe4 Qxf6 32. e5 Qf5 33. Qb2 Qd3 34. Rf2 Bg4 35. Kg2 g5 36. Rd2 Qe3 37. Rxd4 gxf4 38. Rxf4 Be6 39. Bxe6 Nxe6 40. Rg4+ Kh8 41. Rf1 Rg8 42. Rf3 Qa7 43. Rxg8+ Kxg8 44. Qc3 Qb7 45. Kf1 Ng5 46. Kg2 Nxf3 47. Qxf3 Qd7 48. a3 Qd2+ 49. Kh3 Qh6+ 50. Kg2 Qd2+ 51. Kf1 Qc1+ 52. Kf2 Qb2+ 53. Kg1 Qc1+ 54. Kg2 Qb2+ 55. Kh3 Qxe5 56. Qg4+ 1/2-1/2

[Event "Omsk CC-ch final"]
[Site "Omsk"]
[Date "2011.09.04"]
[Round "8"]
[White "Usatchev, Sergei"]
[Black "Bereziy, Petr"]
[Result "1-0"]
[WhiteElo "1856"]
[BlackElo "1779"]
[PlyCount "121"]
[EventDate "2011.08.20"]
[EventType "swiss"]
[EventRounds "11"]
[EventCountry "RUS"]
[SourceTitle "EXT 2023"]
[Source "ChessBase"]
[SourceDate "2022.10.05"]
[SourceVersion "1"]
[SourceVersionDate "2022.10.05"]
[SourceQuality "1"]

1. d4 g6 2. c4 Bg7 3. Nc3 d6 4. e4 Nf6 5. Bg5 h6 6. Bh4 0-0 7. f4 c6 8. Be2 Qa5 9. Qd2 e5 10. fxe5 dxe5 11. d5 cxd5 12. cxd5 Kh7 13. h3 Nbd7 14. a3 a6 15. Nf3 b5 16. b4 Qd8 17. 0-0 g5 18. Bf2 Nh5 19. g3 Kh8 20. Kg2 f5 21. exf5 Rxf5 22. Bd3 Rf8 23. Rac1 Nb6 24. Bg6 Nc4 25. Qe2 g4 26. Nh4 Qxh4 27. gxh4 Nf4+ 28. Kh2 Nxe2 29. Nxe2 gxh3 30. Bc5 Rxf1 31. Rxf1 Bg4 32. Ng3 Nd2 33. Be4 Nxf1+ 34. Nxf1 Rc8 35. Ne3 Bd7 36. d6 Bf6 37. Bf5 Bxf5 38. Nxf5 Kh7 39. Kxh3 e4 40. Kg4 Re8 41. Kf4 Kg6 42. h5+ Kxh5 43. Ng3+ Kh4 44. Nf5+ Kh5 45. Ng3+ Kg6 46. Nxe4 Be5+ 47. Kg4 h5+ 48. Kh4 Bf4 49. Nc3 Bc1 50. Nd5 Bb2 51. Bb6 Rh8 52. d7 Bf6+ 53. Nxf6 Kxf6 54. d8Q+ Rxd8 55. Bxd8+ Kg6 56. Bg5 Kf5 57. Kxh5 Ke4 58. Bd8 Kd4 59. Kg5 Kc4 60. Kf5 Kb3 61. Ba5 1-0

[Event "Omsk CC-ch final"]
[Site "Omsk"]
[Date "2011.08.28"]
[Round "5"]
[White "Osipov, Yury"]
[Black "Bereziy, Petr"]
[Result "0-1"]
[WhiteElo "1621"]
[BlackElo "1779"]
[PlyCount "70"]
[EventDate "2011.08.20"]
[EventType "swiss"]
[EventRounds "11"]
[EventCountry "RUS"]
[SourceTitle "EXT 2023"]
[Source "ChessBase"]
[SourceDate "2022.10.05"]
[SourceVersion "1"]
[SourceVersionDate "2022.10.05"]
[SourceQuality "1"]

1. e4 d6 2. a3 Nf6 3. Nc3 g6 4. h3 a6 5. Bc4 Nbd7 6. Nf3 Nb6 7. Bb3 Bg7 8. d4 0-0 9. Be3 c6 10. Qd2 Re8 11. 0-0 Qc7 12. Rad1 Bd7 13. e5 Nfd5 14. Nxd5 cxd5 15. Qa5 e6 16. Bf4 dxe5 17. Nxe5 Bxe5 18. Bxe5 Qd8 19. Rfe1 Rc8 20. Re3 Bb5 21. a4 Bc4 22. Rc3 Rc6 23. Bxc4 Nxc4 24. Qxd8 Rxd8 25. Bf6 Rdc8 26. b3 Nd6 27. Rxc6 Rxc6 28. c4 dxc4 29. d5 exd5 30. Rxd5 c3 31. Bxc3 Rxc3 32. Rxd6 Rxb3 33. a5 Rb5 34. Rb6 Rxb6 35. axb6 a5 0-1

[Event "Omsk CC-ch sf"]
[Site "Omsk"]
[Date "2010.08.15"]
[Round "9"]
[White "Popov, Gennady"]
[Black "Bereziy, Petr"]
[Result "1-0"]
[WhiteElo "2199"]
[BlackElo "1730"]
[PlyCount "61"]
[EventDate "2010.08.01"]
[EventType "swiss"]
[EventRounds "9"]
[EventCountry "RUS"]
[SourceTitle "EXT 2012"]
[Source "ChessBase"]
[SourceDate "2011.11.24"]
[SourceVersion "1"]
[SourceVersionDate "2011.11.24"]
[SourceQuality "1"]

1. f4 d6 2. Nf3 Nf6 3. d4 Bg4 4. e3 c6 5. Bd3 Nbd7 6. 0-0 g6 7. c3 Bg7 8. Qb3 Qc7 9. Ng5 0-0 10. h3 h6 11. Nf3 Be6 12. Qc2 Nh5 13. g4 Ng3 14. Rf2 f5 15. Rg2 Ne4 16. Nh4 d5 17. Nxg6 Rf7 18. Nd2 c5 19. gxf5 Bxf5 20. Nxe4 dxe4 21. Bxe4 Bxe4 22. Qxe4 Nf6 23. Qe6 Rd8 24. Ne5 Rdf8 25. Bd2 b6 26. Rf1 Ne8 27. Rf3 Qd6 28. Qb3 e6 29. Nxf7 Rxf7 30. dxc5 Qxc5 31. f5 1-0

[Event "Omsk CC-ch sf"]
[Site "Omsk"]
[Date "2010.08.01"]
[Round "1"]
[White "Krivoshapko, Alexander"]
[Black "Bereziy, Petr"]
[Result "1-0"]
[WhiteElo "2056"]
[BlackElo "1730"]
[PlyCount "50"]
[EventDate "2010.08.01"]
[EventType "swiss"]
[EventRounds "9"]
[EventCountry "RUS"]
[SourceTitle "EXT 2012"]
[Source "ChessBase"]
[SourceDate "2011.11.24"]
[SourceVersion "1"]
[SourceVersionDate "2011.11.24"]
[SourceQuality "1"]

1. b4 e5 2. b5 d5 3. Bb2 Bd6 4. Nf3 Qe7 5. e3 Nf6 6. Be2 Bg4 7. a4 Nbd7 8. h3 Bh5 9. Na3 0-0 10. c4 Bxf3 11. gxf3 Nc5 12. cxd5 Nxd5 13. Nc4 Rad8 14. Na5 Qh4 15. Kf1 Qb4 16. Nc4 Nb6 17. Bc3 Qb3 18. Qxb3 Nxb3 19. Rb1 Nxc4 20. Bxc4 Nc5 21. Ra1 Ne6 22. Rg1 Rde8 23. h4 Kh8 24. f4 f6 25. fxe5 fxe5 1-0

[Event "Omsk-ch op"]
[Site "Omsk"]
[Date "2009.02.18"]
[Round "5"]
[White "Mikhailovsky, Viktor"]
[Black "Bereziy, Petr"]
[Result "1-0"]
[WhiteElo "2031"]
[BlackElo "1768"]
[PlyCount "63"]
[EventDate "2009.02.12"]
[EventType "swiss"]
[EventRounds "11"]
[EventCountry "RUS"]
[SourceTitle "CBM 129 Extra"]
[Source "ChessBase"]
[SourceDate "2009.05.05"]
[SourceVersion "2"]
[SourceVersionDate "2009.05.20"]
[SourceQuality "1"]

1. Nf3 Nf6 2. g3 g6 3. d4 Bg7 4. c4 e6 5. Nc3 c6 6. Bg5 0-0 7. e4 Qa5 8. Qd2 d5 9. e5 Nfd7 10. Bh3 f5 11. exf6 Nxf6 12. 0-0 Na6 13. Nxd5 Qxd2 14. Nxf6+ Bxf6 15. Bxd2 Bg7 16. Kg2 Bd7 17. Rfe1 Rae8 18. Rad1 h6 19. Bf4 Rf7 20. Ne5 Bxe5 21. Bxe5 c5 22. a3 cxd4 23. b4 Bc6+ 24. Kg1 Bf3 25. Rxd4 Kh7 26. Re3 g5 27. Bd6 e5 28. Rxe5 Rxe5 29. Bxe5 Re7 30. Bf5+ Kg8 31. Rd8+ Kf7 32. Rd7 1-0

[Event "Omsk Half CC op"]
[Site "Omsk"]
[Date "2009.??.??"]
[Round "2"]
[White "Bereziy, Petr"]
[Black "Skokov, Boris"]
[Result "0-1"]
[WhiteElo "1768"]
[BlackElo "2103"]
[PlyCount "50"]
[EventDate "2009.??.??"]
[EventType "swiss"]
[EventRounds "9"]
[EventCountry "RUS"]
[SourceTitle "EXT 2011"]
[Source "ChessBase"]
[SourceDate "2010.11.26"]
[SourceVersion "1"]
[SourceVersionDate "2010.11.26"]
[SourceQuality "1"]

1. e4 e6 2. d4 d5 3. Nc3 Nf6 4. Bg5 Be7 5. e5 Ne4 6. Bxe7 Qxe7 7. Nxe4 dxe4 8. c3 c5 9. Bb5+ Bd7 10. Bxd7+ Nxd7 11. Ne2 cxd4 12. cxd4 Qb4+ 13. Qd2 a5 14. Qxb4 axb4 15. Kd2 0-0 16. Rhc1 Rfd8 17. Ke3 f5 18. Nf4 Ra6 19. Rc7 b3 20. a3 Nb6 21. Rxg7+ Kxg7 22. Nxe6+ Kg6 23. Nxd8 Nc4+ 24. Ke2 Nxb2 25. Nxb7 Nc4 0-1

[Event "Omsk op"]
[Site "Omsk"]
[Date "2008.11.29"]
[Round "3"]
[White "Bereziy, Petr"]
[Black "Sosunov, Sergey"]
[Result "1-0"]
[WhiteElo "1794"]
[BlackElo "1719"]
[PlyCount "43"]
[EventDate "2008.11.23"]
[EventType "swiss"]
[EventRounds "9"]
[EventCountry "RUS"]
[SourceTitle "CBM 127 Extra"]
[Source "ChessBase"]
[SourceDate "2009.01.08"]
[SourceVersion "2"]
[SourceVersionDate "2009.01.28"]
[SourceQuality "1"]

1. e4 e5 2. Nf3 Nc6 3. Bb5 d6 4. d4 exd4 5. 0-0 Be7 6. Qxd4 Nf6 7. e5 dxe5 8. Qxd8+ Bxd8 9. Nxe5 0-0 10. Nxc6 bxc6 11. Bxc6 Rb8 12. b3 Bb7 13. Ba4 h6 14. Ba3 c6 15. Bxf8 Kxf8 16. Nd2 Ba5 17. Rad1 Re8 18. Nc4 Bc3 19. Nd6 Re7 20. Nxb7 Rxb7 21. Rd3 Ba5 22. Bxc6 1-0